• 首页
  • 本馆介绍
  • 公告通知
  • 最新文献
  • 馆藏检索
  • 电子资源
  • 读者导购
  • 参考咨询
  • 我的图书馆
  • 登录
  • 详细信息显示
  • 放入我的书架
  • 预约/预借图书
  • 作者相关作品
  • 分类相关作品
  • 丛书相关作品
  • 出版社相关作品

书目信息

  • 表格格式
  • 工作单格式
  • 卡片格式
题名:
中国货币政策有效性问题研究
    
 
作者: 崔建军 著
分册:  
出版信息: 北京   中国金融出版社  2006
页数: 211页
开本: 21cm
丛书名: 金融博士论丛
单 册:
中图分类: F822.0
科图分类:
主题词: 货币政策--研究--中国 , 货币政策
电子资源:
ISBN: 7-5049-3887-4
000 00939oam2 2200277 450
001 010040030003
005 20061104143316.76
010    @a7-5049-3887-4@dCNY18.00
100    @a20060124d2006 em y0chiy0110 ea
101 0  @achi@deng
102    @aCN@b110000
105    @aak z 001yy
200 1  @a中国货币政策有效性问题研究@9zhong guo huo bi zheng ce you xiao xing wen ti yan jiu@f崔建军著
210    @a北京@c中国金融出版社@d2006
215    @a211页@c图@d21cm
225 2  @a金融博士论丛
308    @a丛书第八辑
320    @a有索引
330    @a该书系统梳理了对货币政策问题的研究成果,深入探讨了货币政策有效性的理论前提,建立了中国货币政策有效性理论模型并对其进行了经验验证,分析了影响中国货币政策有效性的因素。
461  0 @12001 @a金融博士论丛
606 0  @a货币政策@x研究@y中国
606 0  @a货币政策
690    @aF822.0@v4
701  0 @a崔建军@9cui jian jun@4著
801  0 @aCN@bRENTIAN@c20061104
905    @a10447@dF822.0@e38
    
    中国货币政策有效性问题研究/崔建军著.-北京:中国金融出版社,2006
    211页:图;21cm.-(金融博士论丛)
    
    
    ISBN 7-5049-3887-4:CNY18.00
    该书系统梳理了对货币政策问题的研究成果,深入探讨了货币政策有效性的理论前提,建立了中国货币政策有效性理论模型并对其进行了经验验证,分析了影响中国货币政策有效性的因素。
●
相关链接 在E读中查询图书 在五车中查询图书 在当当中查询图书 在豆瓣中查询图书


正题名:中国货币政策有效性问题研究     索取号:F822.0/38         预约/预借

序号 登录号 条形码 馆藏地/架位号 状态 备注
1 0380310   203803107   第一样本阅览室/ [索取号:F822.0/38] 在馆    
2 0380311   203803116   第一借阅区/ [索取号:F822.0/38] 在馆    
3 0380312   203803125   第一借阅区/ [索取号:F822.0/38] 在馆    
4 0380313   203803134   第一借阅区/ [索取号:F822.0/38] 在馆    
5 0380314   203803143   第一借阅区/ [索取号:F822.0/38] 在馆    
唐山师范学院图书馆 欢迎您!
大连网信软件有限公司© 版权所有